[Event "Samara Polugaevsky Memorial 8th"]
[White "Drygalov, Andrey"]
[Black "Salomatin, Anton"]
[Site "Samara"]
[Round "1"]
[Result "1-0"]
[Date "2018.07.10"]
[WhiteElo "2439"]
[BlackElo "1946"]
[PlyCount "117"]
[EventDate "2018.07.10"]
[EventType "swiss"]
[EventRounds "9"]
[EventCountry "RUS"]
[SourceTitle "CBM 185 Extra"]
[Source "ChessBase"]
[SourceDate "2018.07.29"]
[SourceVersion "1"]
[SourceVersionDate "2018.07.29"]
[SourceQuality "1"]

1. e4 c5 2. Nf3 d6 3. Bb5+ Bd7 4. Bxd7+ Qxd7 5. c4 Nc6 6. Nc3 g6 7. d4 cxd4 8. Nxd4 Bg7 9. Be3 Nf6 10. f3 Ne5 11. b3 0-0 12. 0-0 Rfd8 13. Qd2 Nc6 14. Rfd1 h5 15. Qf2 b6 16. Rac1 Ne5 17. h3 Qb7 18. Qh4 Rac8 19. Nd5 Nxd5 20. exd5 Bf6 21. Qf2 Kh7 22. f4 Nd7 23. f5 Rg8 24. fxg6+ Rxg6 25. Qf5 Rh8 26. Rc2 Kg7 27. Rf2 Ne5 28. Bf4 h4 29. Bxe5 dxe5 30. Nf3 Qc7 31. Re1 Rhh6 32. Re4 Rg3 33. Nxe5 Rg5 34. Rg4 Rhg6 35. d6 Qxd6 36. Nxg6 Rxf5 37. Nxe7+ Kf8 38. Nxf5 Qc5 39. Rgf4 Bg5 40. Rd4 f6 41. Rd8+ Kf7 42. Rd7+ Kf8 43. Rd5 Qa3 44. Rd1 Qc5 45. Kf1 Qe5 46. Kg1 Qc5 47. Rdf1 a5 48. a4 Qe5 49. Kh1 Qc3 50. Rf3 Qd2 51. g3 hxg3 52. Nxg3 Qd4 53. Ne2 Qe4 54. Nc3 Qc2 55. Nd5 Qe4 56. Nxb6 Be3 57. Nd7+ Kg7 58. Nxf6 Qc6 59. Nd5 1-0